| 000 | 00541nam a2200205Ia 4500 | ||
|---|---|---|---|
| 003 | LDD | ||
| 005 | 20240206110722.0 | ||
| 008 | 181101s9999 xx 000 0 und d | ||
| 020 | _c40.00 | ||
| 040 | _cLDD | ||
| 100 |
_aAnsari, Akhter _919214 |
||
| 245 | 0 |
_aGhazal ki sarguzisht _cAkhter Ansari |
|
| 260 |
_aAligarh _bEducational Book House _c2010 |
||
| 300 | _a112p. | ||
| 650 | _2URDU | ||
| 901 |
_a15919 _b16-03-2017 |
||
| 902 |
_a2839 _b16-03-2017 _cF _dPIBD _e8U |
||
| 903 |
_a20 _bReqst by : Mohd. |
||
| 942 |
_2ddc _cUR |
||
| 999 |
_c44 _d44 |
||